000 00630nam a22002057a 4500
007 0
008 160622b xxu||||| |||| 00| 0 eng d
020 _a978-2-7296-1504-8
040 _aBUAC
_cBUC
041 _aFre.
100 _aVergonjeanne, François
245 _aCoacher groupes et organisations :
_bavec la théorie organisationnelle d' Eric Berne (T.O.B)
250 _a2è éd.
260 _aParis :
_bEd. Inter,
_c2015
300 _a321 p.
_bCouv. ill. en coul
_c24 cm .
521 _aBibliogr. p. (311 - 312) ; Index : pp. (315 -321)
630 _aSCIENCES APPLIQUEES
650 _aPsychothérapie
942 _cLIVR
999 _c54669
_d54669